Southville International School and Colleges
Your cart is empty.
  • Cart
  • Lists
    Public lists Eva Luna New books Lux_list list_1
    Your lists Log in to create your own lists
  • Log in to your account
  • Your cookies
  • Search history
Southville International School and Colleges
  • Advanced search
  • Recent comments
  • Most popular
  • Libraries

Log in to your account

Log in with GOOGLE


If you do not have an external account, but do have a local account, you can still log in:

  1. Home
  2. MARC view: Mega Aerobics Workout /
Normal view MARC view ISBD view

Mega Aerobics Workout / (Record no. 292763)

[ view plain ]
MARC details
000 -LEADER
fixed length control field 00337nam a2200133Ia 4500
008 - FIXED-LENGTH DATA ELEMENTS--GENERAL INFORMATION
fixed length control field 160319s9999 xx 000 0 und d
245 ## - TITLE STATEMENT
Title Mega Aerobics Workout /
260 ## - PUBLICATION, DISTRIBUTION, ETC. (IMPRINT)
Name of publisher, distributor, etc Rock Records Phil.
300 ## - PHYSICAL DESCRIPTION
Extent 1 video disc :
300 ## - PHYSICAL DESCRIPTION
Other physical details sound, colored ;
300 ## - PHYSICAL DESCRIPTION
Dimensions 4 3/4 in.
650 ## - SUBJECT ADDED ENTRY--TOPICAL TERM
Topical term or geographic name as entry element Aerobic exercises.
650 ## - SUBJECT ADDED ENTRY--TOPICAL TERM
Topical term or geographic name as entry element Aerobics.
Holdings
Withdrawn status Lost status Damaged status Home library Current library Date acquired Total Checkouts Barcode Date last seen Price effective from Koha item type
      Stonyhurst Southville International School (Batangas) Stonyhurst Southville International School (Batangas) 03/19/2016   AV-366 03/19/2016 03/19/2016 Audio Visual Materials

Mega Aerobics Workout /

APA

Mega Aerobics Workout. : Rock Records Phil.

Chicago

Mega Aerobics Workout. : Rock Records Phil.

Harvard

Mega Aerobics Workout. : Rock Records Phil.

MLA

: Rock Records Phil. .

  • Place hold
  • Print
  • Cite
  • Add to your cart (remove)
  • Save record
    BIBTEX Dublin Core MARCXML MARC (non-Unicode/MARC-8) MARC (Unicode/UTF-8) MARC (Unicode/UTF-8, Standard) MODS (XML) RIS
  • More searches
    Search for this title in:
    Other Libraries (WorldCat) Other Databases (Google Scholar) Online Stores (Bookfinder.com) Open Library (openlibrary.org)

Exporting to Dublin Core...

SOUTHVILLE LIBRARY

Southville International School and Colleges Library

1281 Tropical Ave. Cor. Luxembourg St., BF Homes International, Las Pinas City

Tel. No. 8256374 / 252358 Loc. 117/146

Powered by Koha